[Event "Edmonton Fall-A"]
[Site "Edmonton"]
[Date "2016.10.30"]
[Round "5"]
[White "Tam, Eric"]
[Black "Malek, Omid"]
[Result "1/2-1/2"]
[WhiteElo "2064"]
[BlackElo "2060"]
[PlyCount "105"]
[EventDate "2016.10.29"]
[EventType "tourn"]
[EventRounds "5"]
[EventCountry "CAN"]
[SourceTitle "EXT 2019"]
[Source "ChessBase"]
[SourceDate "2018.10.10"]
[SourceVersion "1"]
[SourceVersionDate "2018.10.10"]
[SourceQuality "1"]

1. e4 e6 2. d4 d5 3. Nd2 Nc6 4. Ngf3 Nf6 5. e5 Nd7 6. Bd3 Nb4 7. Be2 c5 8. c3 Nc6 9. Bd3 a5 10. a4 b6 11. 0-0 Ba6 12. Bxa6 Rxa6 13. Qe2 Ra7 14. c4 Nb4 15. cxd5 Nxd5 16. Ne4 h6 17. Rd1 Be7 18. Nc3 Nxc3 19. bxc3 0-0 20. d5 Qa8 21. d6 Bd8 22. Qc4 Kh8 23. Bf4 Qc6 24. Rd3 Rb7 25. Rb1 Re8 26. h4 f6 27. h5 f5 28. Nd2 Bg5 29. Rb5 Rbb8 30. g3 Rbd8 31. Qb3 Kh7 32. c4 Rg8 33. Bxg5 hxg5 34. Nf3 Kh6 35. Qd1 g6 36. hxg6 Rxg6 37. Qe2 Kg7 38. Ne1 Rh8 39. Qf3 Qxf3 40. Nxf3 g4 41. Nh4 Rgh6 42. Re3 Kf7 43. Kf1 Rh5 44. f4 R5h6 45. Rb1 Rb8 46. Reb3 Ke8 47. Kg2 Kf7 48. Kg1 Rh5 49. R1b2 Rh6 50. Rh2 Rbh8 51. Rb1 Rh5 52. Rbb2 R5h7 53. Rb1 1/2-1/2

[Event "Edmonton Fall-A"]
[Site "Edmonton"]
[Date "2016.10.29"]
[Round "2"]
[White "Gardner, Robert"]
[Black "Tam, Eric"]
[Result "1/2-1/2"]
[WhiteElo "2166"]
[BlackElo "2064"]
[PlyCount "70"]
[EventDate "2016.10.29"]
[EventType "tourn"]
[EventRounds "5"]
[EventCountry "CAN"]
[SourceTitle "EXT 2019"]
[Source "ChessBase"]
[SourceDate "2018.10.10"]
[SourceVersion "1"]
[SourceVersionDate "2018.10.10"]
[SourceQuality "1"]

1. d4 Nf6 2. c4 d6 3. Nc3 g6 4. e4 Nbd7 5. Be3 e5 6. d5 Bg7 7. f3 0-0 8. g4 a6 9. Nge2 Qe7 10. Ng3 c6 11. Qd2 cxd5 12. cxd5 b5 13. b4 Bb7 14. Bd3 Rfc8 15. 0-0 Qd8 16. a4 Nb6 17. axb5 Nc4 18. Bxc4 Rxc4 19. bxa6 Bxa6 20. b5 Bb7 21. Rxa8 Qxa8 22. Qb2 Nd7 23. Qb3 Qc8 24. Nge2 Bf6 25. Ra1 Bd8 26. Ra4 Nb6 27. Rxc4 Nxc4 28. Na4 Nxe3 29. Qxe3 Qc2 30. Nec3 Kg7 31. Qe2 Qc1+ 32. Qf1 Qe3+ 33. Qf2 Qc1+ 34. Qf1 Qe3+ 35. Qf2 Qc1+ 1/2-1/2

[Event "Red Deer Battle of Alberta"]
[Site "Red Deer"]
[Date "2013.09.07"]
[Round "1.9"]
[White "Tam, Eric"]
[Black "Miller, David"]
[Result "1-0"]
[WhiteElo "2065"]
[BlackElo "1995"]
[PlyCount "67"]
[EventDate "2013.09.07"]
[EventType "team-match"]
[EventRounds "2"]
[EventCountry "CAN"]
[SourceTitle "EXT 2022"]
[Source "ChessBase"]
[SourceDate "2021.10.06"]
[SourceVersion "1"]
[SourceVersionDate "2021.10.06"]
[SourceQuality "1"]

1. e4 c5 2. Nf3 d6 3. d4 Nf6 4. Nc3 cxd4 5. Nxd4 a6 6. Be3 Ng4 7. Bc1 Nf6 8. f3 Qb6 9. Nb3 Nc6 10. g4 e6 11. Qe2 Be7 12. Be3 Qc7 13. 0-0-0 b5 14. h4 Ne5 15. g5 Nfd7 16. f4 Nc4 17. Bd4 0-0 18. h5 d5 19. exd5 Qxf4+ 20. Kb1 e5 21. d6 Bxd6 22. Qg2 Rb8 23. Nd5 Qf5 24. Bd3 Qe6 25. Qe4 g6 26. Bc3 Bb7 27. hxg6 Bxd5 28. Qh4 Rfd8 29. Qxh7+ Kf8 30. g7+ Ke7 31. Bf5 Be4 32. Bxe4 Qg4 33. Rdg1 Qe6 34. Rh6 1-0

[Event "Calgary-ch"]
[Site "Calgary"]
[Date "2011.02.22"]
[Round "2"]
[White "Yearwood, Roy"]
[Black "Tam, Eric"]
[Result "1-0"]
[WhiteElo "2046"]
[BlackElo "2048"]
[PlyCount "133"]
[EventDate "2011.02.15"]
[EventType "tourn"]
[EventRounds "7"]
[EventCountry "CAN"]
[SourceTitle "EXT 2019"]
[Source "ChessBase"]
[SourceDate "2018.10.10"]
[SourceVersion "1"]
[SourceVersionDate "2018.10.10"]
[SourceQuality "1"]

1. d4 d5 2. Bf4 Nf6 3. e3 Bf5 4. Nf3 e6 5. Be2 c5 6. Bxb8 Rxb8 7. Bb5+ Ke7 8. dxc5 Qa5+ 9. Nc3 Ne4 10. Bd3 Nxc3 11. Qd2 Bg6 12. bxc3 Qxc5 13. Rb1 b6 14. 0-0 Rc8 15. Rb3 f6 16. Ra1 Be8 17. a4 e5 18. Bf5 Rc7 19. a5 b5 20. a6 g6 21. Bh3 Bg7 22. Qe2 Bc6 23. Nd4 Rb8 24. Ne6 Qd6 25. Nxg7 Bd7 26. Bxd7 Qxd7 27. Nh5 gxh5 28. Qxh5 Kf8 29. Rd1 Qe6 30. Rb4 Rg7 31. Qf3 e4 32. Qf4 Rb6 33. f3 Re7 34. fxe4 dxe4 35. Qh6+ Kg8 36. Rbd4 Rxa6 37. Rd8+ Re8 38. Qh5 Rxd8 39. Rxd8+ Kg7 40. Qxb5 Rb6 41. Qc5 Rb7 42. c4 Rf7 43. h3 Qb6 44. Qxb6 axb6 45. Rd4 Ra7 46. Rxe4 Ra2 47. Kf2 Rxc2+ 48. Kf3 h5 49. g3 Kg6 50. Rd4 Kf5 51. h4 Rc3 52. Rf4+ Ke5 53. g4 hxg4+ 54. Rxg4 b5 55. cxb5 Rb3 56. h5 Rxb5 57. h6 f5 58. Rh4 Rb8 59. Rh5 Kf6 60. h7 Rh8 61. Kf4 Kg6 62. Rg5+ Kh6 63. Rg2 Kh5 64. Kxf5 Kh6 65. Kf6 Rf8+ 66. Ke7 Rh8 67. Rh2+ 1-0

[Event "Calgary Alberta op"]
[Site "Calgary"]
[Date "2010.10.11"]
[Round "5.7"]
[White "Gardner, Robert"]
[Black "Tam, Eric"]
[Result "0-1"]
[WhiteElo "2345"]
[BlackElo "2050"]
[PlyCount "63"]
[EventDate "2010.10.09"]
[EventType "swiss"]
[EventRounds "6"]
[EventCountry "CAN"]
[SourceTitle "EXT 2022"]
[Source "ChessBase"]
[SourceDate "2021.10.06"]
[SourceVersion "1"]
[SourceVersionDate "2021.10.06"]
[SourceQuality "1"]

1. d4 d5 2. c4 e6 3. Nc3 Be7 4. Bf4 Nf6 5. h3 0-0 6. e3 c5 7. Nf3 Nc6 8. Ne5 Qa5 9. Bd3 cxd4 10. Nxc6 bxc6 11. exd4 c5 12. Bd2 dxc4 13. Nd5 Qd8 14. Nxe7+ Qxe7 15. Bxc4 cxd4 16. 0-0 Bb7 17. Bg5 Qc5 18. Bxf6 gxf6 19. Rc1 Qg5 20. g4 Qf4 21. Qb3 Bf3 22. Rfe1 Rab8 23. Qa3 h5 24. Bf1 hxg4 25. Bg2 e5 26. hxg4 e4 27. Bh3 Kg7 28. Rc5 Rh8 29. Rh5 Rxh5 30. gxh5 Rb5 31. h6+ Qxh6 32. Kh2 0-1

[Event "Calgary Schleinich Memorial"]
[Site "Calgary"]
[Date "2009.01.02"]
[Round "1"]
[White "Tam, Eric"]
[Black "Haessel, Dale R"]
[Result "1-0"]
[WhiteElo "1993"]
[BlackElo "2274"]
[PlyCount "79"]
[EventDate "2009.01.02"]
[EventType "tourn"]
[EventRounds "5"]
[EventCountry "CAN"]
[SourceTitle "EXT 2011"]
[Source "ChessBase"]
[SourceDate "2010.11.26"]
[SourceVersion "1"]
[SourceVersionDate "2010.11.26"]
[SourceQuality "1"]

1. d4 Nf6 2. Nf3 g6 3. c4 Bg7 4. Nc3 d5 5. Bg5 Ne4 6. Bh4 Nxc3 7. bxc3 c5 8. cxd5 Qxd5 9. e3 cxd4 10. cxd4 Nc6 11. Be2 0-0 12. 0-0 Bf5 13. Nd2 e5 14. Bc4 Qd6 15. d5 Na5 16. e4 Nxc4 17. Nxc4 Qb4 18. exf5 Qxc4 19. Be7 Rfd8 20. Bxd8 Rxd8 21. Qb3 Qxd5 22. Rad1 Qa5 23. Rxd8+ Qxd8 24. Qxb7 Qd4 25. Qa8+ Bf8 26. f6 h5 27. h3 e4 28. Re1 Qxf6 29. Qxa7 Qc6 30. Qe3 f5 31. Rb1 Bd6 32. Qb3+ Kf8 33. Qb7 Qc2 34. Qa8+ Kg7 35. Rb7+ Bc7 36. Qa6 Kh6 37. Qf1 Qc5 38. Qe1 g5 39. Qa1 h4 40. Qf6+ 1-0

[Event "Alberta op"]
[Site "Calgary"]
[Date "1998.10.12"]
[Round "6"]
[White "Vermette, Chris"]
[Black "Tam, Eric"]
[Result "1-0"]
[WhiteElo "1802"]
[BlackElo "1709"]
[PlyCount "87"]
[EventDate "1998.10.10"]
[EventType "swiss"]
[EventRounds "6"]
[EventCountry "CAN"]
[SourceTitle "EXT 2017"]
[Source "ChessBase"]
[SourceDate "2016.10.25"]
[SourceVersion "1"]
[SourceVersionDate "2016.10.25"]
[SourceQuality "1"]

1. e4 e6 2. d4 d5 3. Nd2 Nf6 4. e5 Nfd7 5. Bd3 c5 6. c3 Nc6 7. Ne2 Qb6 8. Nf3 Be7 9. 0-0 f6 10. exf6 Nxf6 11. Re1 cxd4 12. cxd4 0-0 13. Nf4 Nd8 14. Bd2 Bb4 15. Rc1 Bxd2 16. Qxd2 Nf7 17. Bb1 Nd6 18. Ne5 Nde4 19. Bxe4 Nxe4 20. Qe3 Qxb2 21. Re2 Qb6 22. Rec2 Nd6 23. Nh5 Nf5 24. Qg5 Qxd4 25. Nf3 h6 26. Qg6 Ne7 27. Qg3 Rxf3 28. Qxf3 Nc6 29. Qg3 Bd7 30. Rd2 Qe5 31. Qxe5 Nxe5 32. Rc7 Rc8 33. Rdc2 Rd8 34. Rxb7 d4 35. Rd2 Rc8 36. f4 Ng4 37. Rd1 Ne3 38. Rxd4 Rc1+ 39. Kf2 Ng4+ 40. Kg3 Rc3+ 41. Kh4 g5+ 42. fxg5 hxg5+ 43. Kxg5 Rc5+ 44. Kxg4 1-0